000 00697nam a2200217Ii 4500
003 JO-AjNU
008 230605s9999||||xx |||||||||||||| ||und||
017 _a1985/10/855
040 _aJO-AjNU
_bara
_erda
_cJO-AjNU
041 _aara
050 1 4 _aPJ7814.Z28.A15 1986
100 3 _aتأليف العظم، نزار مؤيد,
_eauthor
_938481
245 0 0 _aالأصابع الصغيرة تنمو في الظلام: مجموعة قصصية
250 _aط1
264 3 1 _aدمشق:دار طلاس،1985
300 _a435ص
336 _atext
_btxt
_2rdacontent
337 _aunmediated
_bn
_2rdamedia
338 _avolume
_bnc
_2rdacarrier
650 4 _aالأدب العربي - قصص
_938482
999 _aA16171
_c19739
_d19739